|
|
|
|
| LEADER |
01508nam a22004093a 4500 |
| 001 |
34369 |
| 003 |
BD-DhAAL |
| 005 |
20190624145349.0 |
| 008 |
190324t2019 ||||||eng d |
| 999 |
|
|
|c 40500
|d 40500
|
| 020 |
|
|
|a 9781138049437
|
| 020 |
|
|
|a 1138049433 (Paper)
|
| 020 |
|
|
|a 135168924X (electronic bk.)
|
| 020 |
|
|
|a 1351689223 (electronic bk.)
|
| 020 |
|
|
|a 1138318604 (Cloth)
|
| 020 |
|
|
|a 9781351689236 (Proquest Ebook Central)
|
| 035 |
|
|
|a (MiAaPQ)EBC5450939
|
| 035 |
|
|
|a (CaONFJC)EBC5450939
|
| 035 |
|
|
|a 10431834
|
| 035 |
|
|
|a (OCoLC)1045585572
|
| 037 |
|
|
|a 5450939
|b Proquest Ebook Central
|
| 040 |
|
|
|a CaONFJC
|b eng
|c CaONFJC
|d NIC
|d BD-DhAAL
|
| 050 |
|
4 |
|a LB2831
|
| 082 |
0 |
4 |
|a 379.1531
|2 23
|
| 100 |
1 |
|
|a Donlan, Ryan
|9 30433
|
| 245 |
1 |
4 |
|a The school board member's guidebook :
|b becoming a difference maker for your district /
|c Ryan Donlan and Todd Whitaker
|
| 260 |
|
|
|a New York :
|b Routledge, Taylor & Francis Group,
|c c2019
|
| 300 |
|
|
|a viii, 107 pages ;
|c 23 cm
|
| 526 |
|
|
|a AAL
|
| 533 |
|
|
|a Electronic reproduction.
|
| 541 |
|
|
|a Parama
|e 34369
|
| 650 |
|
|
|a School board members
|x Professional relationships
|9 30434
|
| 650 |
|
|
|a School board-superintendent relationships
|9 30435
|
| 700 |
|
|
|a Whitaker, Todd
|9 30436
|
| 852 |
|
|
|a Ayesha Abed Library
|c General Stacks
|
| 942 |
|
|
|2 ddc
|c BK
|
| 952 |
|
|
|0 0
|1 0
|2 ddc
|4 0
|6 379_153100000000000_DON
|7 0
|9 65128
|a BRACUL
|b BRACUL
|c GEN
|d 2019-02-26
|e Parama
|g 1419.29
|l 0
|o 379.1531 DON
|p 3010034369
|r 2019-02-26
|t 1
|v 1419.29
|w 2019-02-26
|y BK
|